Sports Quiz

Random Sports or Football Quiz

NFL Leaders (2014) Quiz Stats

Quiz Updated Jan 7, 2015

Also try: NFL Leaders (2013)
Challenge
Share
Tweet
Embed
Score 0/146 Timer 10:00
2 Plays Today
Statistic Players % Correct
Passing YardsPeyton Manning
98.2%
Passing TDsPeyton Manning
98.2%
Passing YardsEli Manning
98.1%
Passing TDsEli Manning
98.1%
Passing YardsDrew Brees
98%
Passing TDsDrew Brees
98%
Passing YardsTom Brady
97.5%
Passing TDsTom Brady
97.5%
Passing YardsAndrew Luck
96.8%
Passing TDsAndrew Luck
96.8%
Passing YardsAaron Rodgers
96.8%
Passing TDsAaron Rodgers
96.8%
Passing TDsJay Cutler
95.4%
Passing YardsPhillip Rivers
94.8%
Passing TDsPhillip Rivers
94.8%
Passing YardsMatthew Stafford
94.6%
Passing YardsMatt Ryan
94.5%
Rushing YardsMarshawn Lynch
93.7%
Rushing TDsMarshawn Lynch
93.7%
Passing TDsTony Romo
93.5%
InterceptionsRoman Harper
92.7%
Passing YardsBen Roethlisberger
92.3%
Passing TDsBen Roethlisberger
92.3%
Rushing YardsDeMarco Murray
91.8%
Rushing TDsDeMarco Murray
91.8%
Rushing TDsLamar Miller
91.8%
Receiving TDsTorrey Smith
91.4%
Punt Returning TDsPhilly Brown
91.3%
Receiving YardsDez Bryant
89.8%
Receiving TDsDez Bryant
89.8%
Rushing YardsLe'Veon Bell
89.2%
Receiving YardsJulio Jones
88.9%
Receiving YardsAntonio Brown
88.7%
Receiving TDsAntonio Brown
88.7%
Punt Returning YardsAntonio Brown
88.7%
Punt Returning TDsAntonio Brown
88.7%
Kick Returning YardsJacoby Jones
88.5%
Kick Returning TDsJacoby Jones
88.5%
Punt Returning YardsJacoby Jones
88.5%
Rushing YardsLeSean McCoy
88.3%
Kick Returning YardsAdam 'Pacman' Jones
88.3%
Receiving YardsDemaryius Thomas
88.1%
Receiving TDsJulius Thomas
88%
Punt Returning YardsDe'Anthony Thomas
87.6%
Rushing YardsFrank Gore
87.1%
Receiving YardsJordy Nelson
86.6%
Receiving TDsJordy Nelson
86.6%
Rushing YardsArian Foster
86.4%
Rushing TDsArian Foster
86.4%
Statistic Players % Correct
Forced FumblesAlec Ogletree
85.9%
Rushing YardsEddie Lacy
85.1%
Rushing TDsEddie Lacy
85.1%
Receiving TDsOdell Beckham Jr.
84.3%
Receiving YardsOdell Beckham Jr.
84.2%
Rushing TDsJamaal Charles
81.8%
Receiving YardsT.Y. Hilton
80.1%
Receiving TDsRob Gronkowski
79.4%
SacksJ.J. Watt
79.2%
Forced FumblesJ.J. Watt
79.2%
Fumbles RecoveredJ.J. Watt
79.2%
Receiving YardsGolden Tate
74.1%
Rushing YardsLamar Miller
73.8%
Rushing YardsJustin Forsett
73.8%
Rushing TDsJustin Forsett
73.8%
SacksVon Miller
73.5%
Rushing YardsJeremy Hill
72.7%
Rushing TDsJeremy Hill
72.7%
Receiving YardsEmmanuel Sanders
72.7%
Receiving TDsRandall Cobb
72.4%
Fumbles RecoveredJordan Hill
72%
Receiving TDsAntonio Gates
70.5%
Rushing TDsMark Ingram
69.5%
Receiving YardsJeremy Maclin
67.5%
Kick Returning YardsDevin Hester
66.1%
Punt Returning TDsDevin Hester
66.1%
Receiving TDsMike Evans
62.2%
Total TacklesLuke Kuechly
59.2%
SacksMario Williams
57.8%
Kick Returning TDsChris Williams
57.6%
Rushing TDsMatt Asiata
56.7%
SacksTerrell Suggs
53.6%
SacksJustin Houston
52%
Forced FumblesJustin Houston
52%
Total TacklesD'Qwell Jackson
51.7%
Fumbles RecoveredD'Qwell Jackson
51.7%
Punt Returning YardsDarren Sproles
49%
Punt Returning TDsDarren Sproles
49%
InterceptionsHarrison Smith
44.3%
Total TacklesDaryl Smith
44.2%
Fumbles RecoveredNate Allen
38.4%
Punt Returning YardsJulian Edelman
38.3%
Punt Returning TDsJulian Edelman
38.3%
Punt Returning YardsTavon Austin
38.2%
Punt Returning TDsTavon Austin
38.2%
Kick Returning YardsKnile Davis
38.2%
Kick Returning TDsKnile Davis
38.2%
SacksJason Pierre-Paul
34.7%
SacksElvis Dumervil
33.3%
Statistic Players % Correct
Kick Returning YardsCordarelle Patterson
31.6%
Kick Returning YardsDwayne Harris
28.1%
Punt Returning YardsDwayne Harris
28.1%
SacksRyan Kerrigan
25.9%
Forced FumblesRyan Kerrigan
25.9%
Total TacklesDeAndre Levy
25.5%
Total TacklesLavonte David
25.5%
InterceptionsGlover Quin Jr.
24.2%
Forced FumblesJulius Peppers
21.8%
Fumbles RecoveredJulius Peppers
21.8%
SacksConnor Barwin
20.2%
Total TacklesC.J. Mosley
20.1%
InterceptionsCharles Woodson
20%
Punt Returning TDsMicah Hyde
19.5%
InterceptionsBrent Grimes
17.7%
Forced FumblesRobert Quinn
14.4%
Fumbles RecoveredFletcher Cox
14.2%
Total TacklesLawrence Timmons
14.2%
InterceptionsPerrish Cox
14.2%
Kick Returning YardsJarvis Landry
13.8%
Kick Returning TDsC.J. Spiller
13.7%
InterceptionsMike Adams
13.3%
Punt Returning YardsTed Ginn Jr.
12.8%
Punt Returning TDsTed Ginn Jr.
12.8%
Punt Returning TDsStedman Bailey
11.8%
InterceptionsTashaun Gipson
11.8%
Forced FumblesBrandon Graham
10.8%
Fumbles RecoveredT.J. Graham
10.8%
Kick Returning TDsJosh Huff
10.4%
Total TacklesCurtis Lofton
9.8%
Kick Returning YardsLeon Washington
9.3%
SacksEverson Griffen
9.2%
Kick Returning TDsChris Polk
7.9%
Fumbles RecoveredAnthony Barr
7.6%
Kick Returning YardsBenny Cunningham
7.4%
Total TacklesPaul Worrilow
6.9%
InterceptionsBruce Carter
6.8%
Total TacklesMorgan Burnett
6.7%
Punt Returning YardsJeremy Ross
6.5%
Kick Returning YardsJordan Todman
6%
Forced FumblesPaul Kruger
4.8%
Punt Returning YardsMarcus Sherels
4.8%
Punt Returning TDsMarcus Thigpen
3.8%
Fumbles RecoveredDonald Butler
3.1%
Forced FumblesChris Clemons
2.7%
InterceptionsQuentin Demps
2.5%
Fumbles RecoveredCedric Thornton
2%
Forced FumblesAntoine Cason
1.3%

You're not logged in!

Compare scores with friends on all Sporcle quizzes.
Sign Up with Email
OR
Log In

You Might Also Like...

Show Comments

Extras

Top Quizzes Today


Score Distribution

Your Account Isn't Verified!

In order to create a playlist on Sporcle, you need to verify the email address you used during registration. Go to your Sporcle Settings to finish the process.